=LDR 00000nam 2200000 4500 =001 INLIS000000000047981 =005 20160321132447.0 =006 =007 =008 =020 ##$$a 978-979-068-129-3 =035 ##$$0010-031600000000094 =040 ##$$a ind =082 ##$$a 570.1 =090 ##$$a 570.1 $b Ans =100 ##$$a Anshori =245 ##$$a Biologi Untuk Siswa SMA =250 ##$$a - =260 ##$$a Jakarta $b Pusat Perbukuan $c 2009 =300 ##$$a vi, 268 hlm $b 25 cm =850 ##$$a NBPDMAT =990 ##$$a 0001/BPAP-NTB/2016